01489nam a22001697a 4500008004100000020001800041050001400059100002200073245009600095250001300191260003600204300002600240500001900266505098500285650002701270650002201297120710t xxu||||| |||| 00| 0 eng d a9780136091820 aT58.5.S64 aSnyder, Lawrence  aFluency with information technology: skills, concepts, and capabilities. /cLawrence Snyder a4th ed. aLondon:bAddison-Wesley,c2011. axviii, 795 p.:bill.; aIncludes index aContents: Defining information technology -- Exploring the human-computer interface -- The basics of networking -- AS hypertext markup language primer -- Locating information on the WWW -- A case study in online research -- An introduction to debugging -- Representing information digitally -- Principles of computer operations -- Algorithmic thinking -- Representing multimedia digitally -- Social implications of IT -- Privacy and digital security -- The basics of spreadsheets -- Advanced spreadsheets for planning -- Introduction to database concepts -- A case study in database organization -- Fundamental concepts expressed in JavaScript -- A Java Script program -- Programming functions -- Iteration principles -- A case study in algorithmic problem solving -- Limits to computation -- A fluency summary -- Appendices: XHTML reference -- iDiary: tags and templates -- JavaScript programming rules -- Bean counter program -- Memory bank code -- Smooth motion program --  aInformation technology aComputer literacy